| 000 | 00533nam a22001937a 4500 | ||
|---|---|---|---|
| 999 |
_c156082 _d156082 |
||
| 005 | 20200107181619.0 | ||
| 010 | _aB-219156, B-219119 | ||
| 020 |
_a818382076x _c125.00 |
||
| 035 | _aB-219126 | ||
| 035 | _aB-219126 | ||
| 037 | _bBPPD/PUB | ||
| 082 | _a155.9042 | ||
| 100 | _aWilson, Andy | ||
| 245 | _aHow to reduce tension ? | ||
| 260 |
_aNew Delhi _bLotus press _c2006 |
||
| 270 |
_a4263/3, Ansari Road, Daryaganj _bNew Delhi _e110002 |
||
| 300 |
_a202p. _c23 cm(Hb) |
||
| 942 |
_2ddc _cEN _mWIL _h155.9042 |
||